The Oxford book of work / (Record no. 123013)

MARC details
000 -LEADER
campo de control de longitud fija 01685cam a2200313 a 4500
003 - IDENTIFICADOR DE NÚMERO DE CONTROL
campo de control BJBSDDR
005 - FECHA Y HORA DE LA ÚLTIMA TRANSACCIÓN
campo de control 20250319172138.0
007 - CAMPO FIJO DE DESCRIPCIÓN FÍSICA--INFORMACIÓN GENERAL
campo de control de longitud fija ta
008 - DATOS DE LONGITUD FIJA--INFORMACIÓN GENERAL
campo de control de longitud fija 980722s2001 enk b 001 0 eng
010 ## - NÚMERO DE CONTROL DE LA BIBLIOTECA DEL CONGRESO
Número de control de LC 98036795
020 ## - NÚMERO INTERNACIONAL ESTÁNDAR DEL LIBRO
Número Internacional Estándar del Libro 9780192825315
020 ## - NÚMERO INTERNACIONAL ESTÁNDAR DEL LIBRO
Número Internacional Estándar del Libro 0192825313
040 ## - FUENTE DE CATALOGACIÓN
Centro catalogador/agencia de origen DLC
Centro/agencia transcriptor DLC
Centro/agencia modificador DLC
Lengua de catalogación eng
041 ## - CÓDIGO DE IDIOMA
Código de lengua del texto/banda sonora o título independiente eng
050 14 - SIGNATURA TOPOGRÁFICA DE LA BIBLIOTECA DEL CONGRESO
Número de clasificación HD 4901
Número de ítem O98 2001
082 00 - NÚMERO DE LA CLASIFICACIÓN DECIMAL DEWEY
Número de clasificación 306.3/6
245 04 - MENCIÓN DEL TÍTULO
Título The Oxford book of work /
Mención de responsabilidad, etc. edited by Keith Thomas.
260 ## - PUBLICACIÓN, DISTRIBUCIÓN, ETC.
Lugar de publicación, distribución, etc. Oxford ;
-- New York :
Nombre del editor, distribuidor, etc. Oxford University Press,
Fecha de publicación, distribución, etc. 2001.
300 ## - DESCRIPCIÓN FÍSICA
Extensión 656 pages ;
Dimensiones 20 cm.
500 ## - NOTA GENERAL
Nota general Originally published: 1999<br/>Includes index
505 0# - NOTA DE CONTENIDO CON FORMATO
Nota de contenido con formato I THE NATURE OF WORK; I. The Primal curse; II. Compensations and Rewards; III. All in a Day's Work; II KINDS OF WORK; IV. Woman's Work and Child Labour; V. Working the Land and Sea; VI. All Manner of Occupations; VII. Head Work; III THE REFORM OF WORK; VIII. Dissatisfactions; EPILOGUE; IX. Life after Work; Acknowledgements; Index of Authors and Sources Quoted
520 ## - RESUMEN, ETC.
Sumario, etc. Comprises a collection of excerpts from a wide range of sources on the meaning and nature of work. Draws on writers from classical antiquity to modern times: poets, dramatists, novelists, theologians, economists, philosophers, social investigators, journalists, diarists, letter-writers, and autobiographers
650 #0 - PUNTO DE ACCESO ADICIONAL DE MATERIA--TÉRMINO DE MATERIA
Término de materia o nombre geográfico como elemento de entrada Work.
650 #4 - PUNTO DE ACCESO ADICIONAL DE MATERIA--TÉRMINO DE MATERIA
Término de materia o nombre geográfico como elemento de entrada Trabajo
9 (RLIN) 25679
700 1# - ENTRADA AGREGADA--NOMBRE PERSONAL
Nombre de persona Thomas, Keith,
Fechas asociadas al nombre 1933-
9 (RLIN) 41254
Término indicativo de función/relación editor
906 ## - ELEMENTOS DE DATOS F LOCAL, LDF (RLIN)
a 7
b cbc
c orignew
d 1
e ocip
f 19
g y-gencatlg
942 ## - ELEMENTOS DE ENTRADA SECUNDARIOS (KOHA)
Fuente del sistema de clasificación o colocación Clasificación de Library of Congress
Tipo de ítem Koha Libro
Holdings
Estatus retirado Estado de pérdida Fuente del sistema de clasificación o colocación Estado de daño No para préstamo Colección Biblioteca de origen Biblioteca actual Ubicación en estantería Fecha de adquisición Signatura topográfica completa Código de barras Visto por última vez Copia número Tipo de ítem Koha
    Clasificación de Library of Congress     Ciencias Sociales Biblioteca Juan Bosch Biblioteca Juan Bosch Ciencias Sociales (3er. Piso) 19/03/2025 HD 4901 O98 2001 00000178181 19/03/2025 1 Libro